[Event "Tripoli Four Seasons-A"]
[Site "Tripoli"]
[Date "2020.03.14"]
[Round "7"]
[White "Elhallawi, Mouhanned S"]
[Black "Alshareef, Alla Aldean Othman"]
[Result "1-0"]
[WhiteElo "1900"]
[BlackElo "1931"]
[PlyCount "99"]
[EventDate "2020.03.09"]
[EventType "tourn"]
[EventRounds "9"]
[EventCountry "LBY"]
[SourceTitle "CBM 195 Extra"]
[Source "ChessBase"]
[SourceDate "2020.05.31"]
[SourceVersion "1"]
[SourceVersionDate "2020.05.31"]
[SourceQuality "1"]

1. e4 e5 2. f4 d5 3. Nc3 d4 4. Nce2 Nc6 5. fxe5 Nxe5 6. Ng3 Bg4 7. Be2 Bxe2 8. Qxe2 d3 9. Qh5 Qf6 10. c3 g6 11. Qd1 Ne7 12. Nh3 h6 13. Rf1 Qe6 14. b3 N7c6 15. Nf4 Qd7 16. Nd5 Be7 17. Ba3 0-0-0 18. Bxe7 Nxe7 19. Nf6 Qe6 20. b4 Nf5 21. Qb3 Nxg3 22. Qxe6+ fxe6 23. hxg3 Rdf8 24. Rf4 Rf7 25. 0-0-0 Rhf8 26. Rdf1 g5 27. R4f2 h5 28. Kd1 Nd7 29. Ng4 Rxf2 30. Nxf2 Kd8 31. Ke1 Ne5 32. Nh3 Rxf1+ 33. Kxf1 Ke7 34. Nxg5 Kf6 35. Nf3 Nc4 36. Kg1 b6 37. Kh2 c5 38. bxc5 bxc5 39. Kh3 a5 40. g4 hxg4+ 41. Kxg4 a4 42. Kh5 Kg7 43. g4 a3 44. Kg5 Na5 45. Ne5 c4 46. Kf4 Kf6 47. g5+ Ke7 48. Ke3 Kd6 49. g6 Ke7 50. g7 1-0

[Event "Tripoli Four Seasons-A"]
[Site "Tripoli"]
[Date "2020.03.13"]
[Round "5"]
[White "Al Areefi, Jamal"]
[Black "Alshareef, Alla Aldean Othman"]
[Result "1-0"]
[WhiteElo "1848"]
[BlackElo "1931"]
[PlyCount "91"]
[EventDate "2020.03.09"]
[EventType "tourn"]
[EventRounds "9"]
[EventCountry "LBY"]
[SourceTitle "CBM 195 Extra"]
[Source "ChessBase"]
[SourceDate "2020.05.31"]
[SourceVersion "1"]
[SourceVersionDate "2020.05.31"]
[SourceQuality "1"]

1. e4 e5 2. Nf3 Nc6 3. d4 exd4 4. Bc4 Bc5 5. c3 d3 6. 0-0 d6 7. Bg5 Nge7 8. b4 Bb6 9. a4 a6 10. h3 0-0 11. Qb3 h6 12. Be3 Ba7 13. Bxa7 Rxa7 14. Rd1 Ng6 15. Bxd3 Be6 16. Qc2 Qf6 17. Nbd2 Nce5 18. Nxe5 Nxe5 19. Nf1 Qg6 20. f4 Nxd3 21. f5 Qg5 22. Rxd3 Bd7 23. Rg3 Qf4 24. Re1 Raa8 25. Rg4 Qe5 26. Ng3 Kh8 27. Qd2 Rae8 28. Rf1 Kh7 29. Nh5 Rg8 30. Rff4 Ref8 31. Rh4 g6 32. fxg6+ Rxg6 33. Qf2 f6 34. g4 Qxc3 35. Rf3 Qc1+ 36. Kg2 Bxa4 37. Nf4 Rgg8 38. Ne6 Rf7 39. Re3 Bc6 40. Qf5+ Rg6 41. Nf4 Rfg7 42. Rxh6+ Kg8 43. Nxg6 Qd2+ 44. Kg3 Bd7 45. Rh8+ Kf7 46. Rf8# 1-0

[Event "Tripoli Four Seasons-A"]
[Site "Tripoli"]
[Date "2020.03.12"]
[Round "4"]
[White "Alshareef, Alla Aldean Othman"]
[Black "Aldogri, Mohsen"]
[Result "1/2-1/2"]
[WhiteElo "1931"]
[BlackElo "1883"]
[PlyCount "42"]
[EventDate "2020.03.09"]
[EventType "tourn"]
[EventRounds "9"]
[EventCountry "LBY"]
[SourceTitle "CBM 195 Extra"]
[Source "ChessBase"]
[SourceDate "2020.05.31"]
[SourceVersion "1"]
[SourceVersionDate "2020.05.31"]
[SourceQuality "1"]

1. d4 d5 2. Nf3 Nf6 3. Bf4 Bf5 4. e3 e6 5. Bd3 Bg6 6. c3 Be7 7. Qc2 Nbd7 8. Nbd2 c6 9. Ne5 Bxd3 10. Qxd3 0-0 11. 0-0 Nxe5 12. dxe5 Nd7 13. e4 dxe4 14. Nxe4 Nc5 15. Nxc5 Bxc5 16. Rad1 Qxd3 17. Rxd3 Rfd8 18. Rfd1 Bb6 19. Rxd8+ Rxd8 20. Rxd8+ Bxd8 21. Be3 a6 1/2-1/2

[Event "Tripoli Winter op"]
[Site "Tripoli"]
[Date "2018.02.12"]
[Round "8"]
[White "Alshareef, Alla Aldean Othman"]
[Black "Ahmed, Osaman"]
[Result "1-0"]
[WhiteElo "1866"]
[BlackElo "1993"]
[PlyCount "79"]
[EventDate "2018.02.05"]
[EventType "swiss"]
[EventRounds "9"]
[EventCountry "LBY"]
[SourceTitle "CBM 182 Extra"]
[Source "ChessBase"]
[SourceDate "2018.02.23"]
[SourceVersion "1"]
[SourceVersionDate "2018.02.23"]
[SourceQuality "1"]

1. d4 Nf6 2. Nf3 e6 3. Bf4 d5 4. e3 c5 5. c3 Nc6 6. Bd3 Be7 7. Nbd2 b6 8. Qa4 Bd7 9. Qd1 0-0 10. Qb1 c4 11. Bc2 b5 12. e4 dxe4 13. Nxe4 Nd5 14. Bd6 h6 15. Bxe7 Qxe7 16. a3 e5 17. dxe5 Nxe5 18. Nxe5 Qxe5 19. 0-0 Nf4 20. Re1 Rfe8 21. Qc1 Bc6 22. f3 Re6 23. Qd2 Rae8 24. Rad1 f5 25. Ng3 Qc5+ 26. Kf1 Rxe1+ 27. Rxe1 Rxe1+ 28. Qxe1 g6 29. Ne2 Nd5 30. Nd4 Bd7 31. Qe5 Kf7 32. Kf2 a5 33. g4 fxg4 34. Be4 Bc6 35. Qe6+ Kg7 36. Qxg6+ Kf8 37. Qxh6+ Ke8 38. Qxc6+ Qxc6 39. Nxc6 Nf6 40. Nxa5 1-0

[Event "Tripoli Winter op"]
[Site "Tripoli"]
[Date "2018.02.05"]
[Round "1"]
[White "Alwaher, Faisal"]
[Black "Alshareef, Alla Aldean Othman"]
[Result "0-1"]
[WhiteElo "1329"]
[BlackElo "1866"]
[PlyCount "98"]
[EventDate "2018.02.05"]
[EventType "swiss"]
[EventRounds "9"]
[EventCountry "LBY"]
[SourceTitle "CBM 182 Extra"]
[Source "ChessBase"]
[SourceDate "2018.02.23"]
[SourceVersion "1"]
[SourceVersionDate "2018.02.23"]
[SourceQuality "1"]

1. e4 e5 2. Nf3 Nc6 3. Bc4 Bc5 4. 0-0 Nf6 5. d3 h6 6. h3 d6 7. c3 0-0 8. d4 Bb6 9. d5 Ne7 10. Qd3 Ng6 11. Re1 Nh5 12. Nh2 f5 13. Nd2 fxe4 14. Nxe4 Bf5 15. Rf1 Kh8 16. Ng4 Qh4 17. Be3 Nhf4 18. Bxf4 Nxf4 19. Qg3 Qh5 20. Rae1 Qg6 21. Qf3 h5 22. Nh2 Nxh3+ 23. Kh1 Bxe4 24. Qxh3 Bxf2 25. Rxe4 Qxe4 26. Qxh5+ Qh7 27. Qxh7+ Kxh7 28. Bd3+ g6 29. Nf3 Be3 30. Re1 Bf4 31. Nh4 Rf6 32. Rf1 Raf8 33. Nxg6 Rxg6 34. Bxg6+ Kxg6 35. g3 Bh6 36. Rd1 Rf2 37. Rb1 Be3 38. a4 Kg5 39. Re1 Bb6 40. b4 a5 41. Rb1 axb4 42. Rxb4 Rf3 43. Kg2 Rxc3 44. Kh3 Rd3 45. Rb5 Rc3 46. Rb4 Rc5 47. Rb5 Rxb5 48. axb5 e4 49. Kg2 Kg4 0-1

[Event "Tripoli Naami op"]
[Site "Tripoli"]
[Date "2017.04.02"]
[Round "5"]
[White "Abugenda, Nagi"]
[Black "Alshareef, Alla Aldean Othman"]
[Result "1-0"]
[WhiteElo "1962"]
[BlackElo "1829"]
[PlyCount "45"]
[EventDate "2017.03.30"]
[EventType "swiss"]
[EventRounds "9"]
[EventCountry "LBY"]
[SourceTitle "CBM 177 Extra"]
[Source "ChessBase"]
[SourceDate "2017.04.27"]
[SourceVersion "1"]
[SourceVersionDate "2017.04.27"]
[SourceQuality "1"]

1. e4 c5 2. Nf3 d6 3. d4 cxd4 4. Nxd4 Nf6 5. Nc3 e6 6. Bg5 Nbd7 7. Ndb5 Qb6 8. Be3 Qa5 9. Qd2 a6 10. b4 Qd8 11. Nxd6+ Bxd6 12. Qxd6 Qe7 13. Bf4 e5 14. Qxe7+ Kxe7 15. Bg5 Nb6 16. Be3 Nbd7 17. Bc4 b5 18. Bd5 Nxd5 19. Nxd5+ Kf8 20. Rd1 f6 21. 0-0 Kf7 22. Rd2 Rf8 23. Rfd1 1-0